000 00845nam a22002297a 4500
999 _c14722
_d14722
003 AR-CdUCM
008 190424b ||||| |||| 00| 0 spa d
020 _a978-9974-690-89-9
040 _aMUNICIPALIDAD PROVINCIAL DEL CUSCO
_cBIBLIOTECA MUNICIPAL DEL CUSCO
082 _aPI / 803 /
_bL28
245 _aLa bruja de la media noche :
_b¡una divertida historia con solapas desplegables y sombras chinescas! /
260 _aUruguay :
_bLatinbooks internacional,
_c2011.
300 _bIlustraciones,
_c27 cm.
500 _aNo cuenta con numeración de paginas
650 _aLiteratura infantil
_9588
650 _aLa bruja
_933592
650 _aCuentos infantiles
_93927
700 _aBerduque, María Carolina (traducción)
_933593
700 _aCruz de Sabato, Juan (traducción)
_933594
942 _2ddc
_cLIBROS
945 _adavv
_d24/04/2019